Statistics for Top 100 New York Jets of All Time

Click here to take the quiz!

General Stats

  • This quiz has been taken 63 times
  • The average score is 27 of 100

Answer Stats

PositionPlayer% Correct
QBJoe Namath
98%
CBDarelle Revis
90%
RBCurtis Martin
86%
DELeonard Williams
73%
DLJoe Klecko
71%
WRKeyshawn Johnson
71%
PCurley Johnson
69%
CNick Mangold
69%
DEMark Gastineau
65%
QBMark Sanchez
65%
WRDon Maynard
61%
QBChad Pennington
53%
OTD'Brickashaw Ferguson
53%
DTJason Ferguson
53%
QBKen O'Brien
53%
WRBrandon Marshall
51%
LBMarvin Jones
51%
RBThomas Jones
51%
QBVinny Testaverde
49%
WRWayne Chrebet
49%
SJamal Adams
47%
RBLaDainian Tomlinson
47%
SVictor Green
47%
WRAl Toon
43%
QBBrett Favre
43%
CKevin Mawae
41%
LBDavid Harris
39%
WRWesley Walker
39%
LBMo Lewis
37%
RBFreeman McNeil
35%
DEJohn Abraham
35%
QBBoomer Esiason
33%
RBMatt Snell
33%
LBBart Scott
31%
CBBobby Jackson
31%
GBrandon Moore
31%
RB/KRLeon Washington
31%
DEMarvin Washington
31%
WRRob Moore
31%
DTSheldon Richardson
31%
CBAntonio Cromartie
29%
DLMarty Lyons
29%
RBEmerson Boozer
27%
QBRichard Todd
27%
CBAaron Glenn
24%
TEMickey Shuler
24%
DEShaun Ellis
24%
OTWinston Hill
24%
RBJohn Riggins
22%
WRLaveranues Coles
22%
KPat Leahy
22%
DEMuhammad Wilkerson
20%
FBRichie Anderson
20%
LBJonathan Vilma
18%
LBLance Mehl
18%
WRArt Powell
16%
OT1Marvin Powell
16%
CBTy Law
16%
LBCalvin Pace
14%
WRJerricho Cotchery
14%
DTAbdul Salaam
12%
SBill Baird
12%
DEDennis Byrd
12%
DLJohn Elliott
12%
OTJumbo Elliott
12%
LBRalph Baker
12%
OTChris Ward
10%
FSDarrol Ray
10%
DEJeff Lagemen
10%
TE/WRJerome Barkum
10%
RB/STBruce Harper
8%
SBurgess Owens
8%
WRGeorge Sauer
8%
LBGreg Buttle
8%
OLJim Sweeney
8%
CJoe Fields
8%
RBJohnny Hector
8%
LBKyle Clifton
8%
LBLarry Grantham
8%
GRandy Rasmussen
8%
TERich Caster
8%
DTSione Po'uha
8%
PSteve O'Neal
8%
LBAl Atkinson
6%
DEGerry Philbin
6%
OTJason Fabini
6%
CJohn Schmitt
6%
SKerry Rhodes
6%
GDan Alexander
4%
GDave Herman
4%
SErik McMillan
4%
CBJames Hasty
4%
KJim Turner
4%
DEVerlon Biggs
4%
RBBill Mathis
2%
DBDainard Paulson
2%
OLJeff Criswell
2%
SKen Schroy
2%
DTPaul Rochester
2%
DERick Lyle
2%

Score Distribution

Percentile by Number Answered

Percent of People with Each Score

Your Score History

You have not taken this quiz